MARC details
| 000 -LEADER |
| campo de control de longitud fija |
02764cam a22004934a 4500 |
| 001 - NÚMERO DE CONTROL |
| campo de control |
16641891 |
| 003 - IDENTIFICADOR DE NÚMERO DE CONTROL |
| campo de control |
BJBSDDR |
| 005 - FECHA Y HORA DE LA ÚLTIMA TRANSACCIÓN |
| campo de control |
20260429175841.0 |
| 006 - CÓDIGOS DE INFORMACIÓN DE LONGITUD FIJA--CARACTERÍSTICAS DEL MATERIAL ADICIONAL |
| campo de control de longitud fija |
a|||||r|||| 00| 0 |
| 007 - CAMPO FIJO DE DESCRIPCIÓN FÍSICA--INFORMACIÓN GENERAL |
| campo de control de longitud fija |
ta |
| 008 - DATOS DE LONGITUD FIJA--INFORMACIÓN GENERAL |
| campo de control de longitud fija |
110202s2011 nyu rb 001 0 eng |
| 010 ## - NÚMERO DE CONTROL DE LA BIBLIOTECA DEL CONGRESO |
| Número de control de LC |
2011005022 |
| 016 7# - NÚMERO DE CONTROL DE UNA AGENCIA BIBLIOGRÁFICA NACIONAL |
| Número de control del registro |
101553147 |
| Fuente |
DNLM |
| 020 ## - NÚMERO INTERNACIONAL ESTÁNDAR DEL LIBRO |
| Número Internacional Estándar del Libro |
9781594630781 |
| Información calificativa |
hardback |
| 020 ## - NÚMERO INTERNACIONAL ESTÁNDAR DEL LIBRO |
| Número Internacional Estándar del Libro |
159463078X |
| Información calificativa |
hardback |
| 035 ## - NÚMERO DE CONTROL DEL SISTEMA |
| Número de control de sistema |
16641891 |
| 035 ## - NÚMERO DE CONTROL DEL SISTEMA |
| Número de control de sistema |
(OCoLC)671703578 |
| 040 ## - FUENTE DE CATALOGACIÓN |
| Centro catalogador/agencia de origen |
DNLM/DLC |
| Centro/agencia transcriptor |
DLC |
| Centro/agencia modificador |
YDX |
| -- |
NLM |
| -- |
BTCTA |
| -- |
YDXCP |
| -- |
BKL |
| -- |
VP@ |
| -- |
CDX |
| -- |
MOF |
| -- |
DLC |
| Lengua de catalogación |
eng |
| 041 ## - CÓDIGO DE IDIOMA |
| Código de lengua del texto/banda sonora o título independiente |
eng |
| 042 ## - CÓDIGO DE AUTENTICACIÓN |
| Código de autenticación |
pcc |
| 050 00 - SIGNATURA TOPOGRÁFICA DE LA BIBLIOTECA DEL CONGRESO |
| Número de clasificación |
QH588.S83 |
| Número de ítem |
P235s 2011 |
| 060 00 - SIGNATURA TOPOGRÁFICA DE LA NATIONAL LIBRARY OF MEDICINE |
| Número de clasificación |
2011 I-306 |
| 060 10 - SIGNATURA TOPOGRÁFICA DE LA NATIONAL LIBRARY OF MEDICINE |
| Número de clasificación |
QU 325 |
| 082 00 - NÚMERO DE LA CLASIFICACIÓN DECIMAL DEWEY |
| Número de clasificación |
616/.02774 |
| Número de edición |
22 |
| 100 1# - ENTRADA PRINCIPAL--NOMBRE DE PERSONA |
| Nombre de persona |
Park, Alice, |
| Fechas asociadas al nombre |
1967- |
| 9 (RLIN) |
48213 |
| 245 14 - MENCIÓN DEL TÍTULO |
| Título |
The stem cell hope : |
| Resto del título |
how stem cell medicine can change our lives / |
| Mención de responsabilidad, etc. |
Alice Park. |
| 260 ## - PUBLICACIÓN, DISTRIBUCIÓN, ETC. |
| Lugar de publicación, distribución, etc. |
New York : |
| Nombre del editor, distribuidor, etc. |
Hudson Street Press, |
| Fecha de publicación, distribución, etc. |
c2011. |
| 300 ## - DESCRIPCIÓN FÍSICA |
| Extensión |
xviii, 318 pages ; |
| Dimensiones |
24 cm. |
| 336 ## - TIPO DE CONTENIDO |
| Término de tipo de contenido |
text |
| Código de tipo de contenido |
txt |
| Fuente |
rdacontent |
| 337 ## - TIPO DE MEDIO |
| Nombre/término del tipo de medio |
unmediated |
| Código del tipo de medio |
n |
| Fuente |
rdamedia |
| 338 ## - TIPO DE SOPORTE |
| Nombre/término del tipo de soporte |
volume |
| Código del tipo de soporte |
nc |
| Fuente |
rdacarrier |
| 504 ## - NOTA DE BIBLIOGRAFÍA, ETC. |
| Nota de bibliografía, etc. |
Includes bibliographical references (p. [293]-310) and index. |
| 505 0# - NOTA DE CONTENIDO CON FORMATO |
| Nota de contenido con formato |
A tale of two fathers -- It began with Dolly -- Politics intrudes -- From mouse to man -- A president, a policy, and a predicament -- Fighting back -- California dreamin' -- Caught up in cloning -- The rise and fall of a 'supreme scientist' -- Safe harbors -- A jolt from Japan -- Looking ahead. |
| 520 ## - RESUMEN, ETC. |
| Sumario, etc. |
"Few people know much about stem cell research beyond the ethical questions raised by using embryos. But in the last decade, stem cell research has made huge advances toward eliminating some of our most intractable diseases. Now, this sweeping book introduces us to this cutting-edge science that will revolutionize medicine and change the way we think about and treat disease. Alice Park takes us from stem cells' controversial beginnings to the recent electrifying promise of being able to create the versatile cells without using embryos at all. She shows us how stem cells give researchers an unprecedented ability to study disease while giving patients the promise of replacing diseased cells with healthy new ones. And she profiles the scientists and leaders who have fueled the quest and will continue to shape the field in years to come"--Provided by publisher. |
| 650 #0 - PUNTO DE ACCESO ADICIONAL DE MATERIA--TÉRMINO DE MATERIA |
| Término de materia o nombre geográfico como elemento de entrada |
Stem cells |
| Subdivisión general |
Research |
| Subdivisión de forma |
Popular works. |
| 650 #0 - PUNTO DE ACCESO ADICIONAL DE MATERIA--TÉRMINO DE MATERIA |
| Término de materia o nombre geográfico como elemento de entrada |
Stem cells |
| Subdivisión general |
Transplantation |
| Subdivisión de forma |
Popular works. |
| 650 12 - PUNTO DE ACCESO ADICIONAL DE MATERIA--TÉRMINO DE MATERIA |
| Término de materia o nombre geográfico como elemento de entrada |
Stem Cell Research |
| Subdivisión de forma |
Popular Works. |
| 650 22 - PUNTO DE ACCESO ADICIONAL DE MATERIA--TÉRMINO DE MATERIA |
| Término de materia o nombre geográfico como elemento de entrada |
Stem Cell Transplantation |
| Subdivisión de forma |
Popular Works. |
| 906 ## - ELEMENTOS DE DATOS F LOCAL, LDF (RLIN) |
| a |
7 |
| b |
cbc |
| c |
orignew |
| d |
1 |
| e |
ecip |
| f |
20 |
| g |
y-gencatlg |
| 942 ## - ELEMENTOS DE ENTRADA SECUNDARIOS (KOHA) |
| Fuente del sistema de clasificación o colocación |
Clasificación de Library of Congress |
| Suprimir en OPAC |
No |
| Tipo de ítem Koha |
Libro |
| 946 ## - PROCESAMIENTO DE INFORMACIÓN LOCAL (OCLC) |
| Iniciales del agente catalogador |
llh |